Historical Timeline of Finland - Statistics

General Stats
  • This quiz has been taken 451 times
  • The average score is 5 of 5
Answer Stats
Year Hint Answer % Correct
1917 F______ Finland
99%
1809 R_____ Russia
98%
1250 Kingdom of S_____ Kingdom of Sweden
97%
1523 Kingdom of S_____ Kingdom of Sweden
97%
1397 K_____ Union Kalmar Union
77%
No matching quizzes found
Score Distribution
Percent of People with Each Score
Percentile by Number Answered
Your Score History
You have not taken this quiz